000 00736nam a2200253Ia 4500
003 OSt
005 20220928114041.0
006 a|||||r|||| 00| 0
007 ta
008 220927b |||||||| |||| 00| 0 eng d
020 _c500
024 _a117493
037 _b181, 20/09/2012, Eastern Book Linkers
_cTextual
040 _aSDCL
_cSDCL
_beng
041 _2eng
_aeng
082 _aR61, Q2
100 _aSharma Arvind
_9365070
245 0 _aSourcebook of classical hindu thought.
260 _aNew Delhi
_bD.K Printworld (P) Ltd.
_c2012
300 _aviii,233p
_ccm.
650 _aSanskrit
_9391587
942 _hR61, Q2
_cTEXL
_2CC
999 _c752699
_d752699